[Event "V4 OPEN - International Championship of Slovakia 2
[Site "Banska Stiavnica"]
[Date "2013.07.11"]
[Round "6"]
[Board "49"]
[White "Hipszki, Julius"]
[Black "Tropp, Oliver"]
[Result "0-1"]
[WhiteElo "1776"]
[BlackElo "2059"]
[PlyCount "108"]
[EventDate "2013.07.06"]
[EventRounds "9"]
[EventCountry "SVK"]

1. e4 c6 2. d4 d5 3. exd5 cxd5 4. Bd3 Nc6 5. c3 g6 6. Bf4 Bg7 7. Nf3 Nh6 8. O-O
O-O 9. Re1 Nf5 10. Nbd2 Re8 11. Qb3 e6 12. Bxf5 gxf5 13. Ne5 Qh4 14. g3 Qh5 15.
Qa4 Bxe5 16. Bxe5 Bd7 17. Qd1 Qg6 18. f4 f6 19. Bd6 Nd8 20. Nf3 Nf7 21. Ba3 Qg7
22. Re3 Nh6 23. Qd2 Bb5 24. Rae1 Kf7 25. Nh4 Ng4 26. Nxf5 exf5 27. Re7+ Kg6 28.
Rxg7+ Kxg7 29. h3 Rxe1+ 30. Qxe1 Re8 31. Qc1 Ne3 32. b3 Bf1 33. Kf2 Bxh3 34.
Qxe3 Rxe3 35. Kxe3 Bf1 36. Kf3 Bd3 37. Bc1 Bb1 38. a3 Bc2 39. b4 Kf7 40. Ke3
Ke7 41. Kd2 Bb3 42. Kd3 Kd7 43. Be3 Kc6 44. a4 Bxa4 45. c4 dxc4+ 46. Kxc4 Bb5+
47. Kc3 Kd5 48. Bd2 Ke4 49. Be1 Ke3 50. Bd2+ Kf2 51. d5 Kxg3 52. Kd4 b6 53. d6
h5 54. Kd5 Bd7 0-1

[Event "V4 OPEN - International Championship of Slovakia 2
[Site "Banska Stiavnica"]
[Date "2013.07.11"]
[Round "6"]
[Board "50"]
[White "Fiala, Jan"]
[Black "Michalek, Matej"]
[Result "1/2-1/2"]
[WhiteElo "2055"]
[BlackElo "1885"]
[PlyCount "92"]
[EventDate "2013.07.06"]
[EventRounds "9"]
[EventCountry "SVK"]

1. d4 Nf6 2. c4 g6 3. Nc3 Bg7 4. e4 d6 5. f3 Nbd7 6. Be3 O-O 7. Bd3 e5 8. d5 a6
9. Nge2 b6 10. g4 Nc5 11. Bc2 a5 12. Qd2 Bd7 13. O-O-O a4 14. Ng3 Qb8 15. Qe2
Qb7 16. h4 Rfb8 17. Nb5 Ne8 18. h5 c6 19. dxc6 Bxc6 20. hxg6 fxg6 21. Nxd6 Nxd6
22. Rxd6 Bf8 23. Rd2 b5 24. Bd3 b4 25. Bb1 Ne6 26. Kd1 Rd8 27. Ke1 Rxd2 28.
Qxd2 Rd8 29. Qc1 Qf7 30. Kf2 Nd4 31. Bxd4 Rxd4 32. b3 Bc5 33. Ke2 a3 34. Rd1
Qe7 35. Rxd4 Bxd4 36. Nf1 Qh4 37. Qe1 Qg5 38. Qd2 Qh4 39. Qe1 Qh3 40. Qg3 Qxg3
41. Nxg3 Kf7 42. Kd2 Kf6 43. Ne2 Bc5 44. Nc1 Bd4 45. Ne2 Bc5 46. Nc1 Bd4
1/2-1/2

[Event "V4 OPEN - International Championship of Slovakia 2
[Site "Banska Stiavnica"]
[Date "2013.07.11"]
[Round "6"]
[Board "51"]
[White "Sturc, Gustav"]
[Black "Volcko, Richard"]
[Result "0-1"]
[WhiteElo "2047"]
[BlackElo "1766"]
[PlyCount "102"]
[EventDate "2013.07.06"]
[EventRounds "9"]
[EventCountry "SVK"]

1. e4 e5 2. Nf3 Nc6 3. Bb5 a6 4. Ba4 Nf6 5. O-O Be7 6. Qe1 d6 7. d4 b5 8. dxe5
dxe5 9. Bb3 Bg4 10. Qc3 Qd6 11. Ng5 O-O 12. f3 Nd4 13. Qe1 Bh5 14. Be3 c5 15.
c3 Nxb3 16. axb3 h6 17. Nh3 Qe6 18. Nd2 Bg6 19. Qf2 Nd7 20. g4 h5 21. Qg2 hxg4
22. fxg4 Nf6 23. Nf2 Nh7 24. Rad1 Rad8 25. Nf3 Nf6 26. Nh4 Rxd1 27. Rxd1 Bxe4
28. Nxe4 Nxe4 29. Qxe4 Bxh4 30. Rd5 Re8 31. Bxc5 Qc6 32. b4 Bg5 33. Qg2 Re6 34.
Qe4 Bf6 35. Kf1 Bg5 36. Ke2 Re8 37. Bf2 Bf4 38. h4 Qe6 39. Kf3 g6 40. Rd3 f5
41. Qd5 e4+ 42. Kxf4 exd3 43. Qxd3 Qe4+ 44. Qxe4 Rxe4+ 45. Kf3 Rxg4 46. b3 Kg7
47. Bd4+ Kf7 48. Bf2 Ke6 49. Ke3 Ke5 50. Kd3 Kd5 51. Be3 Rxh4 0-1

[Event "V4 OPEN - International Championship of Slovakia 2
[Site "Banska Stiavnica"]
[Date "2013.07.11"]
[Round "6"]
[Board "52"]
[White "Hladik, Lumir"]
[Black "Haring, Filip"]
[Result "1/2-1/2"]
[WhiteElo "2045"]
[BlackElo "1742"]
[PlyCount "134"]
[EventDate "2013.07.06"]
[EventRounds "9"]
[EventCountry "SVK"]

1. e4 c5 2. Nf3 e6 3. d4 cxd4 4. Nxd4 a6 5. Bd3 Bc5 6. Nb3 Ba7 7. O-O Nc6 8.
Nc3 d6 9. Qe2 e5 10. Nd5 Be6 11. Be3 Nge7 12. Bxa7 Rxa7 13. Nxe7 Qxe7 14. Bc4
O-O 15. Rad1 b5 16. Bxe6 Qxe6 17. c3 Rd8 18. Rd2 Qc4 19. Rfd1 Qxe2 20. Rxe2 Kf8
21. Red2 Ke7 22. Rd5 Rb7 23. f3 Rdd7 24. Kf2 a5 25. g3 a4 26. Nc1 b4 27. c4 b3
28. a3 Rbc7 29. Nd3 f6 30. f4 Nd4 31. fxe5 dxe5 32. c5 Ne6 33. Rc1 Nd4 34. Nb4
Nc6 35. Rxd7+ Kxd7 36. Nd5 Ra7 37. Rc4 Nd4 38. Nb6+ Kc6 39. Nxa4 Nc2 40. Nc3
Rd7 41. Nd5 Nd4 42. a4 Ne6 43. Nb4+ Kc7 44. Na6+ Kc8 45. Rb4 Rb7 46. c6 Rxb4
47. Nxb4 Nc5 48. a5 Nxe4+ 49. Ke3 Nd6 50. Kd3 e4+ 51. Kc3 e3 52. Kxb3 e2 53.
Nc2 Kc7 54. Ka4 Nc4 55. Ne1 Kxc6 56. Kb4 Nxb2 57. Kc3 Nd1+ 58. Kd2 Nf2 59. Kxe2
Ng4 60. Nf3 Kb5 61. h3 Nh6 62. Nd4+ Kxa5 63. Ne6 g6 64. g4 Kb5 65. Nf8 Kc6 66.
Nxh7 Ng8 67. h4 Kd6 1/2-1/2

[Event "V4 OPEN - International Championship of Slovakia 2
[Site "Banska Stiavnica"]
[Date "2013.07.11"]
[Round "6"]
[Board "53"]
[White "Bakalar, Jan"]
[Black "Jedrocha, Katarzyna"]
[Result "1-0"]
[WhiteElo "2042"]
[BlackElo "1676"]
[PlyCount "23"]
[EventDate "2013.07.06"]
[EventRounds "9"]
[EventCountry "SVK"]

1. Nc3 e5 2. e4 Nf6 3. f4 d5 4. fxe5 Nxe4 5. d3 Qh4+ 6. g3 Nxg3 7. Nf3 Qh5 8.
Nxd5 Na6 9. Nf4 Qg4 10. Bh3 Nxh1 11. Bxg4 Bxg4 12. Ke2 1-0

[Event "V4 OPEN - International Championship of Slovakia 2
[Site "Banska Stiavnica"]
[Date "2013.07.11"]
[Round "6"]
[Board "54"]
[White "Kalisky, Vladimir"]
[Black "Weis, Dusan"]
[Result "1-0"]
[WhiteElo "2195"]
[BlackElo "1754"]
[PlyCount "72"]
[EventDate "2013.07.06"]
[EventRounds "9"]
[EventCountry "SVK"]

1. e4 e5 2. Nf3 Nc6 3. Bb5 a6 4. Ba4 Nf6 5. O-O d6 6. Re1 b5 7. Bb3 Be7 8. c3
Bg4 9. d3 h6 10. Nbd2 O-O 11. Nf1 Na5 12. Bc2 c5 13. Ng3 Re8 14. h3 Be6 15. d4
cxd4 16. cxd4 Qc7 17. d5 Bd7 18. Re2 Rec8 19. b3 Nb7 20. Be3 a5 21. Rc1 Qd8 22.
Bd3 Rxc1 23. Qxc1 Rc8 24. Rc2 Rxc2 25. Qxc2 Ne8 26. Qe2 b4 27. Bb5 Nc7 28. Bc6
Bxc6 29. dxc6 Nc5 30. Bxc5 dxc5 31. Nf5 f6 32. Qc4+ Kf8 33. N3h4 Qe8 34. Nxe7
Kxe7 35. Qxc5+ Ke6 36. Nf5 Kf7 1-0

[Event "V4 OPEN - International Championship of Slovakia 2
[Site "Banska Stiavnica"]
[Date "2013.07.11"]
[Round "6"]
[Board "55"]
[White "Urbanic, Martin"]
[Black "Juhar, Roman"]
[Result "0-1"]
[WhiteElo "1912"]
[BlackElo "2213"]
[PlyCount "62"]
[EventDate "2013.07.06"]
[EventRounds "9"]
[EventCountry "SVK"]

1. e4 e5 2. Nf3 Nc6 3. Bc4 Nf6 4. d3 Bc5 5. c3 a5 6. O-O d6 7. h3 Be6 8. Bb5
Bd7 9. Nbd2 O-O 10. Re1 Bb6 11. Nf1 Ne7 12. Bc4 c6 13. Bg5 Ng6 14. d4 exd4 15.
cxd4 h6 16. Bxf6 Qxf6 17. e5 dxe5 18. dxe5 Qe7 19. Ng3 Be6 20. Bxe6 Qxe6 21.
Qd6 Nf4 22. Qxe6 fxe6 23. Ne4 Nxh3+ 24. gxh3 Rxf3 25. Kg2 Rf5 26. f3 Rxe5 27.
Nd6 Rg5+ 28. Kh1 Rd8 29. Rxe6 Bc7 30. Ne4 Rh5 31. Kg2 Kf7 0-1

[Event "V4 OPEN - International Championship of Slovakia 2
[Site "Banska Stiavnica"]
[Date "2013.07.11"]
[Round "6"]
[Board "56"]
[White "Pesztericz, Laszlo"]
[Black "Medvec, Miroslav"]
[Result "1-0"]
[WhiteElo "2132"]
[BlackElo "1905"]
[PlyCount "61"]
[EventDate "2013.07.06"]
[EventRounds "9"]
[EventCountry "SVK"]

1. e4 e5 2. Nf3 Nc6 3. d4 exd4 4. Bc4 Nf6 5. O-O Nxe4 6. Re1 d5 7. Bxd5 Qxd5 8.
Nc3 Qa5 9. Nxe4 Be6 10. Neg5 O-O-O 11. Nxe6 fxe6 12. Rxe6 Bd6 13. Bg5 Rde8 14.
Qe2 Kd7 15. Rxe8 Rxe8 16. Qd3 h6 17. Bd2 Qh5 18. c3 dxc3 19. Bxc3 Kc8 20. Bxg7
Rg8 21. Bc3 Qg4 22. g3 h5 23. Re1 Rf8 24. Kg2 Nd8 25. Qe4 Qg8 26. a4 Rf4 27.
Qe8 Qg4 28. Re3 Bc5 29. h3 Qf5 30. gxf4 Bxe3 31. Qxe3 1-0

[Event "V4 OPEN - International Championship of Slovakia 2
[Site "Banska Stiavnica"]
[Date "2013.07.11"]
[Round "6"]
[Board "57"]
[White "Cech, Dominik"]
[Black "Durica, Andrej"]
[Result "1-0"]
[WhiteElo "2094"]
[BlackElo "1854"]
[PlyCount "41"]
[EventDate "2013.07.06"]
[EventRounds "9"]
[EventCountry "SVK"]

1. e4 e5 2. Nf3 f5 3. Nxe5 Nc6 4. d4 Qf6 5. Nxc6 dxc6 6. e5 Qf7 7. Be2 Be6 8.
O-O O-O-O 9. c3 h5 10. b4 Be7 11. f4 h4 12. Be3 Nh6 13. Qa4 Kb8 14. d5 Bxd5 15.
Qxa7+ Kc8 16. Rd1 Qg6 17. Bf3 Ng4 18. Bf2 Nxh2 19. Kxh2 h3 20. g3 Qe6 21. c4
1-0

[Event "V4 OPEN - International Championship of Slovakia 2
[Site "Banska Stiavnica"]
[Date "2013.07.11"]
[Round "6"]
[Board "58"]
[White "Koval, Maros"]
[Black "Adamciak, Tomas"]
[Result "1-0"]
[WhiteElo "2084"]
[BlackElo "1853"]
[PlyCount "49"]
[EventDate "2013.07.06"]
[EventRounds "9"]
[EventCountry "SVK"]

1. c4 Nf6 2. Nc3 c6 3. e4 e5 4. Nf3 d6 5. d4 Nbd7 6. Be2 Be7 7. h3 O-O 8. Be3
Qc7 9. Qd2 a6 10. a4 Rd8 11. g4 d5 12. cxd5 Bb4 13. dxe5 Nxe5 14. Qd4 Nxf3+ 15.
Bxf3 Qa5 16. O-O Bxc3 17. bxc3 cxd5 18. e5 Ne4 19. c4 f5 20. exf6 Nxf6 21. cxd5
Nxd5 22. Rfd1 Be6 23. Qe5 Kf7 24. Rd4 g5 25. Rad1 1-0

[Event "V4 OPEN - International Championship of Slovakia 2
[Site "Banska Stiavnica"]
[Date "2013.07.11"]
[Round "6"]
[Board "59"]
[White "Edes, Zsofia"]
[Black "Jandl, Vojtech"]
[Result "1/2-1/2"]
[WhiteElo "2059"]
[BlackElo "1837"]
[PlyCount "60"]
[EventDate "2013.07.06"]
[EventRounds "9"]
[EventCountry "SVK"]

1. d4 d5 2. c4 e6 3. Nc3 Nf6 4. Bg5 Nbd7 5. Nf3 c6 6. cxd5 exd5 7. e3 Be7 8.
Bd3 O-O 9. O-O Re8 10. Qc2 Nf8 11. h3 Ne4 12. Bxe7 Qxe7 13. Rab1 Ng6 14. b4 Nh4
15. Nxh4 Qxh4 16. Bxe4 dxe4 17. b5 Bxh3 18. gxh3 Re6 19. Ne2 Qxh3 20. Ng3 h5
21. bxc6 bxc6 22. Qc5 Rg6 23. Rfc1 Rd8 24. Qe7 Rxg3+ 25. fxg3 Qxg3+ 26. Kh1
Qh3+ 27. Kg1 Qxe3+ 28. Kh1 Qf3+ 29. Kg1 Rxd4 30. Rf1 Qg3+ 1/2-1/2

[Event "V4 OPEN - International Championship of Slovakia 2
[Site "Banska Stiavnica"]
[Date "2013.07.11"]
[Round "6"]
[Board "60"]
[White "Lecky, Juraj"]
[Black "Harvan, Richard"]
[Result "0-1"]
[WhiteElo "1826"]
[BlackElo "2054"]
[PlyCount "60"]
[EventDate "2013.07.06"]
[EventRounds "9"]
[EventCountry "SVK"]

1. e4 e6 2. d4 d5 3. Nc3 Bb4 4. e5 c5 5. a3 Bxc3+ 6. bxc3 Ne7 7. Qg4 O-O 8. Bg5
Nd7 9. Bd3 f5 10. exf6 Nxf6 11. Qh4 Nf5 12. Bxf5 exf5 13. Bxf6 Rxf6 14. Ne2 Qe8
15. Kd2 cxd4 16. Nxd4 Qe4 17. Qxe4 dxe4 18. Rab1 b6 19. g3 Bb7 20. Ke3 g5 21.
Rhg1 Kf7 22. f4 exf3 23. Nxf3 Re8+ 24. Kf2 Bxf3 25. Kxf3 Rc8 26. Rb2 Rxc3+ 27.
Ke2 Re6+ 28. Kd2 Rxa3 29. Rf1 Ra5 30. Rf3 Rd5+ 0-1

[Event "V4 OPEN - International Championship of Slovakia 2
[Site "Banska Stiavnica"]
[Date "2013.07.11"]
[Round "6"]
[Board "61"]
[White "Nasuta, Andrzej"]
[Black "Jurcisin, Imrich"]
[Result "1/2-1/2"]
[WhiteElo "1818"]
[BlackElo "2046"]
[PlyCount "97"]
[EventDate "2013.07.06"]
[EventRounds "9"]
[EventCountry "SVK"]

1. e4 d5 2. exd5 Nf6 3. Nf3 Nxd5 4. d4 Bf5 5. a3 e6 6. c4 Nb6 7. Be2 Be7 8. O-O
O-O 9. Nc3 Nc6 10. Be3 Bf6 11. b4 a6 12. Ra2 Qe7 13. Qc1 e5 14. c5 exd4 15.
cxb6 dxe3 16. Nd5 exf2+ 17. Rxf2 Qe6 18. Bc4 Nd4 19. Nxf6+ Qxf6 20. Qf4 Ne6 21.
Bxe6 Bxe6 22. Qxf6 gxf6 23. Rae2 cxb6 24. Nd4 Bc4 25. Rc2 b5 26. Rxf6 Rfd8 27.
Rf4 Rd5 28. h3 Re8 29. Rcf2 Re1+ 30. Kh2 Rde5 31. Nf3 R1e4 32. Nxe5 Rxe5 33.
Rg4+ Kf8 34. Rff4 Re2 35. Rd4 Be6 36. Rg3 Ke7 37. Rgd3 Ra2 38. Rh4 Bf5 39. Rc3
Kf6 40. Rf4 Ke5 41. Rff3 Be4 42. Rg3 f5 43. Rc7 f4 44. Re7+ Kf6 45. Rgg7 f3 46.
Rgf7+ Kg6 47. Rg7+ Kf6 48. Rgf7+ Kg6 49. Rg7+ 1/2-1/2

[Event "V4 OPEN - International Championship of Slovakia 2
[Site "Banska Stiavnica"]
[Date "2013.07.11"]
[Round "6"]
[Board "62"]
[White "Pereszlenyi, Gejza"]
[Black "Laho, Lukas"]
[Result "1/2-1/2"]
[WhiteElo "2021"]
[BlackElo "1835"]
[PlyCount "58"]
[EventDate "2013.07.06"]
[EventRounds "9"]
[EventCountry "SVK"]

1. e4 e6 2. d4 d5 3. exd5 exd5 4. Bd3 Bd6 5. Nf3 Ne7 6. O-O O-O 7. Bg5 f6 8.
Bh4 Bf5 9. Re1 c6 10. Nc3 Bxd3 11. Qxd3 Ng6 12. Bg3 Bxg3 13. hxg3 Qd7 14. Re3
Na6 15. Rae1 Rfe8 16. a3 Nc7 17. Nd1 Nb5 18. g4 Nf4 19. Qf5 Qxf5 20. gxf5 Kf7
21. g3 Nh5 22. Rxe8 Rxe8 23. Rxe8 Kxe8 24. Ne3 g5 25. fxg6 hxg6 26. c4 dxc4 27.
Nxc4 Kd7 28. Kf1 Ng7 29. Ke2 Nc7 1/2-1/2

[Event "V4 OPEN - International Championship of Slovakia 2
[Site "Banska Stiavnica"]
[Date "2013.07.11"]
[Round "6"]
[Board "63"]
[White "Volna, Lukas"]
[Black "Wozniak, Mariola"]
[Result "0-1"]
[WhiteElo "1809"]
[BlackElo "2016"]
[PlyCount "97"]
[EventDate "2013.07.06"]
[EventRounds "9"]
[EventCountry "SVK"]

1. d4 d5 2. Bf4 Nf6 3. e3 c5 4. c3 Nc6 5. Nf3 Qb6 6. Qb3 c4 7. Qxb6 axb6 8. h3
b5 9. Na3 b4 10. Nb5 Ra5 11. Nc7+ Kd7 12. Ng5 bxc3 13. bxc3 Nd8 14. Be2 e6 15.
a4 h6 16. Nf3 Nc6 17. Nb5 Be7 18. O-O g5 19. Bc7 Ra8 20. Ne5+ Nxe5 21. Bxe5 Rf8
22. f3 Ne8 23. e4 f6 24. Bh2 Nd6 25. Nxd6 Bxd6 26. g4 Ra5 27. Rfb1 Bxh2+ 28.
Kxh2 Kc7 29. Rb4 Bd7 30. Rab1 Bc6 31. Bd1 Rfa8 32. Kg3 R8a7 33. exd5 exd5 34.
Rb6 Ra8 35. Bc2 Re8 36. Kf2 Raa8 37. R6b4 Rh8 38. Re1 Rae8 39. Rxe8 Bxe8 40.
Rb1 h5 41. Kg2 hxg4 42. hxg4 Bd7 43. Re1 Re8 44. Rc1 Ra8 45. Kf2 Bxa4 46. Ra1
b5 47. Kf1 Rh8 48. Ra2 Rh2 49. Bb1 0-1

[Event "V4 OPEN - International Championship of Slovakia 2
[Site "Banska Stiavnica"]
[Date "2013.07.11"]
[Round "6"]
[Board "64"]
[White "Ondras, Juraj"]
[Black "Pipiska, Adam"]
[Result "0-1"]
[WhiteElo "2016"]
[BlackElo "1676"]
[PlyCount "44"]
[EventDate "2013.07.06"]
[EventRounds "9"]
[EventCountry "SVK"]

1. Nf3 Nc6 2. g3 e5 3. d3 d5 4. Bg2 Nf6 5. O-O Bc5 6. c3 Bf5 7. b4 Bb6 8. b5
Ne7 9. Nxe5 Ng6 10. Nxg6 hxg6 11. Bg5 Qd7 12. Bxf6 gxf6 13. Qb3 O-O-O 14. Nd2
Bh3 15. Nf3 Bxg2 16. Kxg2 Qh3+ 17. Kg1 g5 18. Qb4 g4 19. Nh4 Rxh4 20. gxh4 g3
21. hxg3 Qxg3+ 22. Kh1 Qh3+ 0-1

[Event "V4 OPEN - International Championship of Slovakia 2
[Site "Banska Stiavnica"]
[Date "2013.07.11"]
[Round "6"]
[Board "65"]
[White "Vrtiakova, Anna"]
[Black "Puskar, Jan"]
[Result "0-1"]
[WhiteElo "1805"]
[BlackElo "2014"]
[PlyCount "128"]
[EventDate "2013.07.06"]
[EventRounds "9"]
[EventCountry "SVK"]

1. Nf3 Nf6 2. c4 e6 3. e3 d5 4. d4 c6 5. Bd3 dxc4 6. Bxc4 b5 7. Bd3 a6 8. O-O
Nbd7 9. a4 Bb7 10. e4 Be7 11. Qe2 Nb6 12. axb5 cxb5 13. Nc3 O-O 14. h3 b4 15.
e5 bxc3 16. exf6 Bxf6 17. bxc3 a5 18. Ba3 Bxf3 19. Qxf3 Be7 20. Bxe7 Qxe7 21.
Qh5 g6 22. Qb5 Nd5 23. Rxa5 Nxc3 24. Qc5 Qxc5 25. Rxc5 Na4 26. Re5 Rad8 27. Re4
Rd6 28. Bc2 Nc3 29. Re3 Nb5 30. Rd1 Rfd8 31. Red3 Rxd4 32. Rxd4 Rxd4 33. Rxd4
Nxd4 34. Bd3 Kg7 35. f3 Nf5 36. Kf2 Kf6 37. Be4 Ke5 38. Bc6 h5 39. Be8 Nd6 40.
Bc6 h4 41. Ba4 Nc4 42. Be8 Kf5 43. Bb5 Ne5 44. Ke3 g5 45. Ba6 Ng6 46. Bd3+ Kf6
47. Bf1 Ke5 48. Kf2 Kf4 49. Bd3 Nf8 50. Bb5 f5 51. Be8 e5 52. Bc6 Ne6 53. Bd5
Nd4 54. Bb7 e4 55. fxe4 fxe4 56. Bd5 e3+ 57. Ke1 Kg3 58. Bb7 Ne6 59. Kf1 Nf4
60. Be4 e2+ 61. Ke1 Nxg2+ 62. Kxe2 Nf4+ 63. Ke3 Nxh3 64. Bf5 Nf2 0-1

[Event "V4 OPEN - International Championship of Slovakia 2
[Site "Banska Stiavnica"]
[Date "2013.07.11"]
[Round "6"]
[Board "66"]
[White "Diviak, Rudolf"]
[Black "Hlavac, Peter"]
[Result "0-1"]
[WhiteElo "1799"]
[BlackElo "1999"]
[PlyCount "74"]
[EventDate "2013.07.06"]
[EventRounds "9"]
[EventCountry "SVK"]

1. b4 d5 2. Bb2 Bf5 3. e3 e6 4. Nf3 Nf6 5. a3 Bd6 6. c4 b6 7. cxd5 exd5 8. Nc3
c6 9. Rc1 O-O 10. Be2 a5 11. b5 c5 12. Qb3 Bc7 13. O-O Qd6 14. Na4 Nbd7 15. d4
c4 16. Bxc4 dxc4 17. Qxc4 Rac8 18. Ne5 Ne4 19. Qe2 Nxe5 20. dxe5 Qe7 21. f3 Nc5
22. Nxc5 bxc5 23. e4 Be6 24. f4 Bb3 25. a4 Bb6 26. Kh1 c4 27. f5 Rfd8 28. f6
gxf6 29. Qg4+ Kh8 30. Rxf6 c3 31. Ba1 Bd4 32. Ra6 Bxe5 33. Qf5 f6 34. Qh3 Bxa4
35. b6 c2 36. g3 Bxa1 37. Rxa1 Qxe4+ 0-1

[Event "V4 OPEN - International Championship of Slovakia 2
[Site "Banska Stiavnica"]
[Date "2013.07.11"]
[Round "6"]
[Board "68"]
[White "Stanko, Ivan"]
[Black "Karas, Juraj"]
[Result "0-1"]
[WhiteElo "1949"]
[BlackElo "1732"]
[PlyCount "104"]
[EventDate "2013.07.06"]
[EventRounds "9"]
[EventCountry "SVK"]

1. e4 e6 2. d4 d5 3. e5 c5 4. c3 Nc6 5. Nf3 Qb6 6. a3 Nge7 7. b4 cxd4 8. cxd4
Nf5 9. Bb2 Bd7 10. Be2 Be7 11. O-O O-O 12. Bd3 g6 13. Bxf5 gxf5 14. Nc3 Rfc8
15. Qd2 Qd8 16. Qh6 Qf8 17. Qxf8+ Kxf8 18. Ne2 Rc7 19. Bc1 Rac8 20. Bh6+ Kg8
21. Rac1 a6 22. Nd2 Na7 23. Nb3 Bb5 24. Rfe1 Rc2 25. Ng3 b6 26. Rxc2 Rxc2 27.
Rc1 Rxc1+ 28. Bxc1 Ba4 29. Na1 Nb5 30. Bb2 a5 31. bxa5 bxa5 32. Ne2 Nxa3 33.
Nc3 Bc6 34. Nb3 Nc4 35. Ba1 Bb4 36. Kf1 a4 37. Nc5 Nd2+ 38. Ke2 Nb3 39. Nxb3
axb3 40. Bb2 Kg7 41. Kd1 f6 42. Ne2 Bb5 43. Nf4 Kf7 44. Nh5 fxe5 45. dxe5 Bd3
46. Nf4 Bc2+ 47. Ke2 Bc5 48. f3 Bg1 49. h3 d4 50. Nd3 Be3 51. Nb4 f4 52. Ba1
Kg6 0-1

[Event "V4 OPEN - International Championship of Slovakia 2
[Site "Banska Stiavnica"]
[Date "2013.07.11"]
[Round "6"]
[Board "69"]
[White "Bango, Dominik"]
[Black "Novotny, Michal"]
[Result "0-1"]
[WhiteElo "1337"]
[BlackElo "1984"]
[PlyCount "118"]
[EventDate "2013.07.06"]
[EventRounds "9"]
[EventCountry "SVK"]

1. e4 e6 2. d4 d5 3. exd5 exd5 4. Bd3 Nf6 5. c3 Bd6 6. Nf3 O-O 7. O-O Bg4 8. h3
Bh5 9. Bg5 Nbd7 10. Nbd2 c6 11. Qc2 Qc7 12. Rfe1 Bg6 13. Bxg6 hxg6 14. Re2 Rae8
15. Rae1 Rxe2 16. Rxe2 Re8 17. Rxe8+ Nxe8 18. Be3 Nf8 19. Nb3 b6 20. Qe2 Ne6
21. Ng5 Nxg5 22. Bxg5 Nf6 23. Nd2 Qe7 24. Qxe7 Bxe7 25. Nf3 Bd6 26. Ne5 Bxe5
27. dxe5 Nd7 28. Bf4 Kf8 29. Kf1 Ke7 30. Bg3 g5 31. h4 gxh4 32. Bxh4+ Ke6 33.
f4 Nc5 34. b4 Ne4 35. Be1 Kf5 36. g3 g5 37. fxg5 Kxe5 38. g4 Kf4 39. Ke2 Kxg4
40. Ke3 Nxg5 41. Kd3 f5 42. c4 dxc4+ 43. Kxc4 Ne4 44. a4 a6 45. b5 axb5+ 46.
axb5 Nd6+ 47. Kb4 c5+ 48. Ka4 f4 49. Bf2 Ne4 50. Be1 f3 51. Kb3 f2 52. Bxf2
Nxf2 53. Kc4 Ne4 54. Kd5 Kf4 55. Kc6 c4 56. Kxb6 c3 57. Ka6 c2 58. b6 c1=Q 59.
b7 Nc5+ 0-1

[Event "V4 OPEN - International Championship of Slovakia 2
[Site "Banska Stiavnica"]
[Date "2013.07.11"]
[Round "6"]
[Board "70"]
[White "Horak, Miroslav"]
[Black "Nemergut, Patrik"]
[Result "0-1"]
[WhiteElo "1823"]
[BlackElo "1976"]
[PlyCount "72"]
[EventDate "2013.07.06"]
[EventRounds "9"]
[EventCountry "SVK"]

1. e4 e5 2. Nf3 Nc6 3. Bb5 a6 4. Ba4 f5 5. exf5 e4 6. Qe2 Qe7 7. Bxc6 dxc6 8.
Nd4 c5 9. Nb3 Bxf5 10. Nc3 O-O-O 11. Nd1 Qg5 12. Ne3 Be6 13. f3 exf3 14. gxf3
Qh4+ 15. Kd1 Nf6 16. Ng2 Qc4 17. d3 Bf7 18. Bd2 Qd5 19. Ne3 Qc6 20. Na5 Qd7 21.
Nac4 Re8 22. Qf2 b5 23. Na5 Bd6 24. Qg2 Nd5 25. Re1 c6 26. Nb3 g6 27. a4 Nf4
28. Qf1 Bxb3 29. cxb3 Be5 30. Kc2 Rd8 31. Ba5 Qd4 32. Bc3 Qxd3+ 33. Qxd3 Nxd3
34. Bxe5 Nxe5 35. axb5 Nxf3 36. Rf1 Nd4+ 0-1

[Event "V4 OPEN - International Championship of Slovakia 2
[Site "Banska Stiavnica"]
[Date "2013.07.11"]
[Round "6"]
[Board "71"]
[White "Hyll, Jan"]
[Black "Motuzova, Marta"]
[Result "0-1"]
[WhiteElo "1899"]
[BlackElo "1825"]
[PlyCount "68"]
[EventDate "2013.07.06"]
[EventRounds "9"]
[EventCountry "SVK"]

1. e4 d5 2. exd5 Qxd5 3. Nf3 Bg4 4. Be2 Nf6 5. Nc3 Qa5 6. O-O Nc6 7. d3 e6 8.
Bd2 O-O-O 9. a3 Qh5 10. Bf4 h6 11. h3 Qf5 12. Bh2 Bxf3 13. Bxf3 Nd4 14. Be4
Nxe4 15. Nxe4 Qg6 16. Re1 h5 17. Nd2 Nf5 18. Nf3 Bd6 19. Re4 Qf6 20. c3 g5 21.
Qa4 Bxh2+ 22. Kxh2 a6 23. Ne5 g4 24. f4 gxh3 25. g3 Qg7 26. Rg1 Rhg8 27. g4
hxg4 28. Rxg4 Qh7 29. Rxg8 Qxg8 30. Qc2 Qg3+ 31. Kh1 Rg8 32. Qh2 Qh4 33. Qd2
Ng3+ 34. Kh2 Nf1+ 0-1

[Event "V4 OPEN - International Championship of Slovakia 2
[Site "Banska Stiavnica"]
[Date "2013.07.11"]
[Round "6"]
[Board "72"]
[White "Marczuk, Anna"]
[Black "Pasztor, Ladislav"]
[Result "0-1"]
[WhiteElo "1778"]
[BlackElo "1886"]
[PlyCount "56"]
[EventDate "2013.07.06"]
[EventRounds "9"]
[EventCountry "SVK"]

1. e4 c5 2. Nf3 e6 3. d4 cxd4 4. Nxd4 Nc6 5. Nxc6 bxc6 6. Nc3 Qc7 7. Bd3 Nf6 8.
O-O d5 9. f4 dxe4 10. Nxe4 Be7 11. Kh1 Bb7 12. Qe2 h5 13. b3 h4 14. h3 Nh5 15.
Kg1 O-O-O 16. f5 exf5 17. Rxf5 g6 18. Rf3 f5 19. Nf2 Bf6 20. Rb1 Rhe8 21. Re3
Ng3 22. Qe1 Qd7 23. Qb4 Bd4 24. Rxe8 Rxe8 25. Bg5 c5 26. Qd2 Qc6 27. Bf1 Nxf1
28. Kxf1 Qxg2# 0-1

[Event "V4 OPEN - International Championship of Slovakia 2
[Site "Banska Stiavnica"]
[Date "2013.07.11"]
[Round "6"]
[Board "73"]
[White "Jancsy, Peter"]
[Black "Recky, Norbert"]
[Result "0-1"]
[WhiteElo "1613"]
[BlackElo "1879"]
[PlyCount "78"]
[EventDate "2013.07.06"]
[EventRounds "9"]
[EventCountry "SVK"]

1. e4 c5 2. Nf3 d6 3. h3 e6 4. Bb5+ Nd7 5. d4 a6 6. Bxd7+ Qxd7 7. dxc5 dxc5 8.
Qxd7+ Bxd7 9. Ne5 Rd8 10. Nc3 b5 11. a3 Be7 12. Be3 f6 13. Nxd7 Rxd7 14. O-O h5
15. Rfd1 Nh6 16. Rxd7 Kxd7 17. Rd1+ Kc6 18. Ne2 g5 19. c3 Nf7 20. b4 Ne5 21. f4
Nc4 22. Bxc5 Bxc5+ 23. bxc5 Kxc5 24. fxg5 fxg5 25. Nd4 Nxa3 26. Nxe6+ Kc4 27.
Ra1 b4 28. cxb4 Kxb4 29. Nxg5 a5 30. Ra2 Kb3 31. Rf2 a4 32. Ne6 Re8 33. Nc5+
Kb4 34. Nd3+ Ka5 35. Rf5+ Nb5 36. Re5 Rxe5 37. Nxe5 Nc3 38. Nc4+ Kb4 39. Nd2 a3
0-1

[Event "V4 OPEN - International Championship of Slovakia 2
[Site "Banska Stiavnica"]
[Date "2013.07.11"]
[Round "6"]
[Board "74"]
[White "Pal, Csanad"]
[Black "Sosovicka, Jakub"]
[Result "1-0"]
[WhiteElo "1878"]
[BlackElo "1620"]
[PlyCount "83"]
[EventDate "2013.07.06"]
[EventRounds "9"]
[EventCountry "SVK"]

1. e4 e5 2. Nf3 Nf6 3. d4 Nxe4 4. Nxe5 Be7 5. Bd3 d5 6. O-O Nd7 7. Nd2 Nxd2 8.
Bxd2 Nxe5 9. dxe5 O-O 10. Qh5 g6 11. Qh6 Re8 12. Rae1 Bf8 13. Qf4 Bg7 14. Qg3
c5 15. Bg5 Qb6 16. b3 Bd7 17. Kh1 Rac8 18. f4 c4 19. bxc4 dxc4 20. Be4 Bc6 21.
Bxc6 Qxc6 22. f5 Rc7 23. f6 Bf8 24. h4 Qe6 25. h5 Bc5 26. hxg6 fxg6 27. Rd1 Rf7
28. Bf4 Bb6 29. Rd6 Qc8 30. Rfd1 Bc7 31. R6d5 Bb6 32. Qa3 a6 33. Qb4 Bc7 34.
Qxc4 Bb6 35. Qb3 Bc7 36. Rd7 Ref8 37. e6 Rxf6 38. e7+ R8f7 39. Rd8+ Bxd8 40.
Rxd8+ Qxd8 41. exd8=Q+ Kg7 42. Be5 1-0